000
00206nam a2200085 4500
001
1255659
005
20251211095142.0
245
_a
SÖZCÜKLERİN KAMERA ARKASI
_c
FERHAT TAŞTEKİN
260
_b
TİMAŞ YAYINLARI
999
_c
1255659
_d
1255659